KOHA-Header-6

Introduction to Retailing (Record no. 1022)

000 -LEADER
fixed length control field 00327nam a2200133Ia 4500
008 - FIXED-LENGTH DATA ELEMENTS--GENERAL INFORMATION
fixed length control field 190722s9999 xx 000 0 und d
020 ## - INTERNATIONAL STANDARD BOOK NUMBER
International Standard Book Number 978-81-315-1862-5
100 ## - MAIN ENTRY--PERSONAL NAME
Personal name Lusch Dunne Carver
245 #0 - TITLE STATEMENT
Title Introduction to Retailing
250 ## - EDITION STATEMENT
Edition statement 7th
260 ## - PUBLICATION, DISTRIBUTION, ETC. (IMPRINT)
Place of publication, distribution, etc India
Name of publisher, distributor, etc Cengage learning
Date of publication, distribution, etc 2014
300 ## - PHYSICAL DESCRIPTION
Extent 628
942 ## - ADDED ENTRY ELEMENTS (KOHA)
Koha item type Books
Holdings
Withdrawn status Lost status Damaged status Not for loan Collection code Permanent Location Current Location Shelving location Date acquired Full call number Barcode Date last seen Price effective from Koha item type
        Marketing MAJU MAJU   2019-07-22 658.87 7647 2019-07-22 2019-07-22 Marketing

Powered by Koha